Štěpán Markovič Saxtet: Jazz na hradě

Bibliographic Details
Main Author: Jaslovský, Marian, 1963- (Author)
Format: Article
Language:Slovak
PhysicalDescription:Obr.
ISSN:1336-8044
Subjects:

MARC

LEADER 00000nab a2200000 a 4500
001 vtls008982518
003 SK-MaSNL
005 20260303065209.0
008 140301c2007 xo qr|p|||||||000 b|slo
015 |a SNBRB2007/04  |2 snkbucl 
038 |a SNKBUCL 
040 |a SNKBUCL  |b slo  |c SNKBUCL  |e AACR2 
041 0 |a slo 
044 |a xo  |c SK 
080 |a 78.071.1/.2:785.161  |2 2001 
080 |a 785.161  |2 2001 
100 1 |a Jaslovský, Marian,  |d 1963-  |4 aut  |9 102033 
245 1 0 |a Štěpán Markovič Saxtet: Jazz na hradě  |c Marian Jaslovský 
300 |b Obr. 
610 2 7 |a Štěpán Markovič Saxtet (hudobná skupina)  |2 snkbucl  |9 1064908 
630 0 7 |a Jazz na Hradě (nahrávka CD)  |2 snkbucl  |9 1064909 
650 0 7 |a nahrávky CD  |2 snkbucl  |9 19639 
655 7 |a recenzie  |2 snkbucl  |9 21907 
773 0 |t Hudba  |g Roč. II, č. I. Q (2007), s. 104  |x 1336-8044 
852 |a SNK  |b KIS3GCP 
958 |a RC 
958 |a CZ 
999 |c 1750229  |d 1752159